The refugee worman: (Record no. 160041)

MARC details
000 -LEADER
fixed length control field 00669nam a22001937a 4500
005 - DATE AND TIME OF LATEST TRANSACTION
control field 20190114113601.0
010 ## - LCCN (DPL NO)
LC control number ENG-124635
020 ## - INTERNATIONAL STANDARD BOOK NUMBER
International Standard Book Number 9780199475032
Terms of availability 1195.00
035 ## - SYSTEM CONTROL NUMBER
System control number EN-108167
037 ## - SOURCE OF ACQUISITION
Source of stock number/acquisition DBAD/PUB
082 ## - DEWEY DECIMAL CLASSIFICATION NUMBER
Classification number 305.4896914
100 ## - MAIN ENTRY--PERSONAL NAME
Personal name Chakraborty, Paulomi
245 ## - TITLE STATEMENT
Title The refugee worman:
Statement of responsibility, etc by Paulomi Chakraborty
Remainder of title partition of bengal, gender, andthe political/
260 ## - PUBLICATION, DISTRIBUTION, ETC. (IMPRINT)
Place of publication, distribution, etc New Delhi
Name of publisher, distributor, etc Oxford Univrsity Press
Date of publication, distribution, etc 2018
270 ## - ADDRESS
Address 2/11 Ground Floor, Ansari Road, Daryaganj,
City New Delhi
Postal code 110002
300 ## - PHYSICAL DESCRIPTION
Extent xiv, 314p.
Dimensions 21cm.(Hb)
500 ## - GENERAL NOTE
General note It includes index and about the author
942 ## - ADDED ENTRY ELEMENTS (KOHA)
Source of classification or shelving scheme Dewey Decimal Classification
Item type English Books
Call number suffix CHA
Classification part 305.4896914
Holdings
Withdrawn status Lost status Not for loan Collection code Home library Current library Date acquired Source of acquisition Cost, normal purchase price Full call number Barcode Copy number Cost, replacement price Koha item type
    Not For Loan Non-fiction D.B.Act.Division Patel Nagar 14/01/2019 DBAD/PUB 1195.00 305.4896914 CHA EN-108167 1 1195.00 English Books

© Delhi Public Library
Hit Counter
free hit counter